[Event "Krakow op-B 19th"]
[Site "Krakow"]
[Date "2008.12.30"]
[Round "4"]
[White "Wasik, Piotr"]
[Black "Koziej, Maciej"]
[Result "1/2-1/2"]
[WhiteElo "1966"]
[BlackElo "2022"]
[PlyCount "111"]
[EventDate "2008.12.26"]
[EventType "swiss"]
[EventRounds "9"]
[EventCountry "POL"]
[SourceTitle "CBM 128 Extra"]
[Source "ChessBase"]
[SourceDate "2009.03.05"]
[SourceVersion "2"]
[SourceVersionDate "2009.03.25"]
[SourceQuality "1"]

1. e4 c5 2. Nf3 e6 3. d4 cxd4 4. Nxd4 a6 5. c4 Nf6 6. Nc3 Bb4 7. e5 Ne4 8. Qg4 Nxc3 9. a3 Bf8 10. bxc3 d6 11. exd6 e5 12. Nf5 g6 13. Qg3 Nc6 14. Ne7 Qxd6 15. Nd5 Bg7 16. a4 Be6 17. Ba3 Qd8 18. Rd1 Qa5 19. Bd6 Rc8 20. Be2 Bxd5 21. Rxd5 Qxa4 22. 0-0 f6 23. Qh3 f5 24. Rb1 b5 25. cxb5 Qe4 26. Rdd1 Qxe2 27. bxc6 Rxc6 28. Qh4 Rxd6 29. Rxd6 0-0 30. Rd8 e4 31. h3 e3 32. Rxf8+ Bxf8 33. f3 Qd3 34. Rb7 h6 35. Qd4 Qxd4 36. cxd4 a5 37. Ra7 Bg7 38. d5 Bd4 39. Ra8+ Kf7 40. Kf1 Bc3 41. Ke2 f4 42. Kd3 Bb4 43. Ra6 h5 44. Re6 g5 45. h4 gxh4 46. Kc4 Be7 47. Kb5 Bb4 48. Re4 h3 49. gxh3 Kf6 50. Kc6 Kg5 51. d6 Bxd6 52. Kxd6 Kh4 53. Ke5 Kg3 54. Rxf4 e2 55. Re4 Kxf3 56. Rf4+ 1/2-1/2

[Event "Rewal op-B 13th"]
[Site "Rewal"]
[Date "2008.08.28"]
[Round "9"]
[White "Wasik, Piotr"]
[Black "Czernicki, Bogdan"]
[Result "1-0"]
[WhiteElo "1973"]
[BlackElo "2032"]
[PlyCount "95"]
[EventDate "2008.08.19"]
[EventType "swiss"]
[EventRounds "9"]
[EventCountry "POL"]
[SourceTitle "CBM 126 Extra"]
[Source "ChessBase"]
[SourceDate "2008.11.05"]
[SourceVersion "1"]
[SourceVersionDate "2008.11.05"]
[SourceQuality "1"]

1. c4 e5 2. e3 f5 3. Nc3 Nf6 4. g3 c6 5. Bg2 Bb4 6. Nf3 d6 7. Ne2 0-0 8. h4 Qe7 9. a3 Ba5 10. b4 Bc7 11. Bb2 Nbd7 12. Rc1 e4 13. Ng5 Ne5 14. Nf4 a5 15. d4 exd3 16. Nxd3 axb4 17. axb4 Ra2 18. Bxe5 dxe5 19. Qb3 Ra8 20. 0-0 h6 21. Nh3 Ne4 22. Rfd1 g5 23. hxg5 hxg5 24. Kf1 g4 25. Ng1 Ng5 26. Nc5 e4 27. Ne2 Nf3 28. Nf4 Rf6 29. Ke2 Rh6 30. Rh1 Rxh1 31. Rxh1 Qf6 32. Nxe4 fxe4 33. c5+ Kf8 34. Rh8+ Qxh8 35. Ng6+ Kg7 36. Nxh8 Kxh8 37. Qf7 Be5 38. Bxf3 exf3+ 39. Kd3 Bg7 40. Ke4 Kh7 41. Kf4 Kh6 42. Qe8 Bc3 43. e4 Bd2+ 44. Ke5 Bxb4 45. Kf6 Bc3+ 46. e5 Bxe5+ 47. Kxe5 b5 48. Qxc6+ 1-0

[Event "Rewal op-B 13th"]
[Site "Rewal"]
[Date "2008.08.26"]
[Round "6"]
[White "Pienkos, Slawomir"]
[Black "Wasik, Piotr"]
[Result "0-1"]
[WhiteElo "2026"]
[BlackElo "1973"]
[PlyCount "76"]
[EventDate "2008.08.19"]
[EventType "swiss"]
[EventRounds "9"]
[EventCountry "POL"]
[SourceTitle "CBM 126 Extra"]
[Source "ChessBase"]
[SourceDate "2008.11.05"]
[SourceVersion "1"]
[SourceVersionDate "2008.11.05"]
[SourceQuality "1"]

1. d4 d5 2. c4 c6 3. Nc3 Nf6 4. Nf3 e6 5. Bg5 Nbd7 6. e3 Qa5 7. Bxf6 Nxf6 8. Nd2 Bb4 9. Qc2 0-0 10. Bd3 dxc4 11. Nxc4 Qh5 12. 0-0 b6 13. f4 Bxc3 14. bxc3 Ba6 15. Rf3 g6 16. Rh3 Qd5 17. Ne5 Bxd3 18. Qxd3 c5 19. g4 cxd4 20. exd4 Nd7 21. Nf3 f5 22. c4 Qd6 23. Ng5 Nf6 24. Re1 Rfe8 25. gxf5 exf5 26. Re5 Re7 27. Rxe7 Qxe7 28. Re3 Qd6 29. Re5 h6 30. Nf3 Ng4 31. c5 bxc5 32. Qb3+ Kh8 33. dxc5 Qc7 34. Rd5 Rb8 35. Qc3+ Kh7 36. c6 Qb6+ 37. Nd4 Qb1+ 38. Kg2 Qxa2+ 0-1